MARC

LEADER 00000nam0a2200000 4500
001 325829
005 20231102003811.0
035 |a (RuTPU)RU\TPU\book\351445 
090 |a 325829 
100 |a 20161213d1980 km y0rusy50 ca 
101 0 |a rus 
102 |a RU 
105 |a a z 000zy 
200 1 |a Атланты держат небо  |f В. П. Зацаринный, А. И. Акопов 
210 |a Москва  |c Знание  |d 1979 
215 |a 176 с.  |c ил. 
606 1 |a Прочность, теория  |2 stltpush  |3 (RuTPU)RU\TPU\subj\53055  |9 71407 
610 1 |a сопротивление материалов 
610 1 |a теория упругости 
610 1 |a пластичность 
610 1 |a механика 
610 1 |a разрушения 
610 1 |a сооружения 
610 1 |a строительные конструкции 
610 1 |a трещины 
610 1 |a трещинообразование 
675 |a 539.4  |v 4 
700 1 |a Зацаринный  |b В. П.  |g Валентин Петрович 
701 1 |a Акопов  |b А. И.  |g Александр Иванович 
801 1 |a RU  |b 63413507  |c 20161213 
801 2 |a RU  |b 63413507  |c 20200713  |g RCR 
942 |c BK